000 00447nam a22001817a 4500
003 MPLRDC
005 20220104144109.0
008 210129b ||||| |||| 00| 0 eng d
020 _a7-80603-554-0
082 _a628.7 ZXQ
100 _a陈晓卿主编
245 _a百年中国 1950-2000
_c
250 _a初版
260 _a
_b山东画报出版社
_c2002
300 _b
650 _a中华人民共和国史
942 _cBK
_o628.7 ZXQ
999 _c46329
_d46319